| 000 | 00963nam a22002417a 4500 | ||
|---|---|---|---|
| 999 |
_c17580 _d17580 |
||
| 008 | 221108b ||||| |||| 00| 0 eng d | ||
| 020 | _a9789718219287 | ||
| 082 |
_22020 _aDFil 899.211 _bSi63 |
||
| 100 |
_aBernales, Rolando A. _946708 |
||
| 245 |
_aSine at sosyedad (o pelikulang panlipunan) / _cRolando A. Bernales and seven others. |
||
| 260 |
_aMalabon City : _bMutya Publishing House, Inc., _c©2020. |
||
| 300 |
_a205 pages : _billustrations ; _c25 cm. |
||
| 500 | _aIncludes bibliographical references and appendix. | ||
| 650 |
_aLiterature _zPhilippine. _934896 |
||
| 700 |
_aZafra, Reynele Bren G. _eauthor. _946709 |
||
| 700 |
_aSicat-De laza, Crizel. _eauthor. _946710 |
||
| 700 |
_aRavina, Elmar A. _eauthor. _946711 |
||
| 700 |
_aUnciano, Ma. Jesusa R. _eauthor. _946712 |
||
| 700 |
_aSalvador, Nelie S. _eauthor. _946713 |
||
| 700 |
_aRivera, Janet F. _eauthor. _97347 |
||
| 700 |
_aCaguioa, Paz Imelda C. _eauthor. _946714 |
||
| 942 |
_2ddc _cDFIL |
||